00666nam a2200241 a 4500001001300000003000900013005001700022008004100039020000800080082001300088100001800101245002700119260004000146300000900186500003500195505002100230650001600251700001800267902000800285942000700293952010900300999001500409nice12345678IN_TiNIC20260116011445.0050524s1902 lona grp 000 0 eng  ac000a966bMOR aMorel, Edmund aAffairs of West Africa aLondonbWilliam Heinemann Ltdc1902 a382p aincludes index and biblioraphy2 aIll, Index, Maps aWest Africa1 aMorel, Edmund bSRS cBK 001040708StackRoom-aHMIbHMId2005-05-24g0.00l0o966 MORp00375r2005-05-24v0.00w2005-05-24yBK c1709d1709